| 000 | 00611nam a2200241 a 4500 | ||
|---|---|---|---|
| 001 | nice12345678 | ||
| 003 | IN_TiNIC | ||
| 005 | 20260116014958.0 | ||
| 008 | 100923s1978 newa grp 000 0 eng | ||
| 020 |
_a9780809144648 _c500 |
||
| 082 | 0 | 0 |
_a242 _bJUN |
| 100 | _aJungmann, A Joseph | ||
| 245 | _aChristian Prayer Through the Centuries | ||
| 260 |
_aNew York _bPaulist Press _c1978 |
||
| 300 | _a144p | ||
| 500 | _aincludes index and biblioraphy | ||
| 505 | 2 | _aNotes,Index | |
| 650 | _aPrayer-Christianity | ||
| 700 | 1 | _aJungmann, A Joseph | |
| 902 | _bSRS | ||
| 942 | _cBK | ||
| 999 |
_c17812 _d17812 |
||